Catalog

Record Details

Catalog Search



A Christmas memory  Cover Image CD Audiobook CD Audiobook

A Christmas memory / Richard Paul Evans.

Evans, Richard Paul, (author,, narrator.).

Summary:

It's 1967, and for young Richard it's a time of heartbreak and turmoil. With uncertainty rattling every corner of his life, Richard does his best to remain strong. When he's run down by bullies at his new school, he meets Mr. Foster, an elderly neighbor who chases off the bullies and invites Richard in for a cup of cocoa. Richard becomes fast friends with the wise, solitary man who inspires Richard's love for books. As the holidays approach, the joy and light of Christmas seem unlikely to permeate the Evans home as things take a grim turn for the worse. But with Mr. Foster's wisdom and kindness, he learns for the first time what truly matters about the spirit of the season: that forgiveness can heal even the deepest wounds, and love endures long after the pain of loss subsides.

Record details

  • ISBN: 9781797144931
  • ISBN: 1797144936
  • Physical Description: 3 audio discs (approximately 215 min.) ; 4 3/4 in.
  • Edition: Unabridged.
  • Publisher: New York, NY : Simon & Schuster Audio, [2022]

Content descriptions

General Note:
Title from container.
Participant or Performer Note:
Read by the author.
Subject: Families > Fiction.
Neighbors > Fiction.
Victims of bullying > Fiction.
Intergenerational relations > Fiction.
Loss (Psychology) > Fiction.
Belief and doubt > Fiction.
Christmas stories.
Christmas.
Genre: Autobiographical fiction.
Christian fiction.
Christmas fiction.
Historical fiction.
Domestic fiction.
Bildungsromans.
Audiobooks.
Novels.

Available copies

  • 1 of 1 copy available at scottsboropl.

Holds

  • 0 current holds with 1 total copy.
Show Only Available Copies
Location Call Number / Copy Notes Barcode Shelving Location Status Due Date
scottsboropl BK/CD Eva 32269001233108 Adult - Audiobook Available -

LDR 03306cim a22007217i 4500
001159959
003SBPL
00520230210095448.0
008221024s2022 nyunnnne f n eng d
007sd fsngnnmmned
020 . ‡a9781797144931
020 . ‡a1797144936
02842. ‡a14967572
035 . ‡a(OCoLC)1348615511 ‡z(OCoLC)1338029215 ‡z(OCoLC)1348967229
050 4. ‡aPS3555.V259 ‡bC47 2022ab
08204. ‡a813/.54 ‡223/eng/20221025
1001 . ‡aEvans, Richard Paul, ‡eauthor, ‡enarrator.
24512. ‡aA Christmas memory / ‡cRichard Paul Evans.
250 . ‡aUnabridged.
264 1. ‡aNew York, NY : ‡bSimon & Schuster Audio, ‡c[2022]
300 . ‡a3 audio discs (approximately 215 min.) ; ‡c4 3/4 in.
306 . ‡a033500
336 . ‡aspoken word ‡bspw ‡2rdacontent
337 . ‡aaudio ‡bs ‡2rdamedia
338 . ‡aaudio disc ‡bsd ‡2rdacarrier
344 . ‡adigital ‡2rdatr
344 . ‡boptical ‡2rdarm
347 . ‡aaudio file ‡2rdaft
347 . ‡bCD audio
500 . ‡aTitle from container.
5110 . ‡aRead by the author.
520 . ‡aIt's 1967, and for young Richard it's a time of heartbreak and turmoil. With uncertainty rattling every corner of his life, Richard does his best to remain strong. When he's run down by bullies at his new school, he meets Mr. Foster, an elderly neighbor who chases off the bullies and invites Richard in for a cup of cocoa. Richard becomes fast friends with the wise, solitary man who inspires Richard's love for books. As the holidays approach, the joy and light of Christmas seem unlikely to permeate the Evans home as things take a grim turn for the worse. But with Mr. Foster's wisdom and kindness, he learns for the first time what truly matters about the spirit of the season: that forgiveness can heal even the deepest wounds, and love endures long after the pain of loss subsides.
650 0. ‡aFamilies ‡vFiction.
650 0. ‡aNeighbors ‡vFiction.
650 0. ‡aVictims of bullying ‡vFiction.
650 0. ‡aIntergenerational relations ‡vFiction.
650 0. ‡aLoss (Psychology) ‡vFiction.
650 0. ‡aBelief and doubt ‡vFiction.
650 0. ‡aChristmas stories.
650 7. ‡aChristmas.
655 7. ‡aAutobiographical fiction. ‡2lcgft
655 7. ‡aChristian fiction. ‡2lcgft
655 7. ‡aChristmas fiction. ‡2lcgft
655 7. ‡aHistorical fiction. ‡2lcgft
655 7. ‡aDomestic fiction. ‡2lcgft
655 7. ‡aBildungsromans. ‡2lcgft
655 7. ‡aAudiobooks. ‡2lcgft
655 7. ‡aNovels. ‡2lcgft
901 . ‡a159959 ‡bAUTOGEN ‡c159959 ‡tbiblio

Additional Resources